Rekreační sport 2 atletika, badminton, bruslení, lyžování, orientační beh, plavání, stolní tenis, sportovní gymnastika, triatlon, tenis, windsurfing a další sporty

Guardado en:
Detalles Bibliográficos
Formato: Libro
Lenguaje:checo
Publicado: Praha Olympia 1988
Colección:Cvičitel ZRTV Sv. 24
Etiquetas: Agregar Etiqueta
Sin Etiquetas, Sea el primero en etiquetar este registro!

MARC

LEADER 00000nam a2200000 4500
001 c034822
005 20260123084043.0
041 0 |a cze 
044 |a CZ 
245 1 0 |a Rekreační sport 2  |b atletika, badminton, bruslení, lyžování, orientační beh, plavání, stolní tenis, sportovní gymnastika, triatlon, tenis, windsurfing a další sporty  |c Oldřich Ondřej 
264 1 |a Praha  |b Olympia  |c 1988 
300 |a 194 s. 
490 1 |a Cvičitel ZRTV  |v Sv. 24 
830 0 |a Cvičitel ZRTV  |v Sv. 24